Suurimmat kohteet aurinkokunnassa - Statistics

Yleistilastot
  • Tätä visaa on pelattu 380 kertaa
  • Keskiarvotulos 14 / 35
Vastaukset kartalla
Vastauksille on annettu kartalla punavihreä väri sen mukaan, kuinka moni on saanut sen oikein.
 
Vastaustilastot
Tyyppi Keskimääräinen säde (km) Vastaus % Oikein
Planeetta 3 389,5 Mars
99%
Planeetta 69 911 Jupiter
98%
Planeetta 6 371,0 Maa
97%
Planeetta 24 622 Neptunus
96%
Kääpiöplaneetta 1 188,3 Pluto
96%
Planeetta 25 362 Uranus
96%
Planeetta 6 051,8 Venus
96%
Planeetta 58 232 Saturnus
95%
Planeetta 2 439,4 Merkurius
93%
Kuu 1 737,4 Kuu
85%
Tähti 695 700 Aurinko
83%
Kuu 2 574,7 Titan
45%
Kuu 1 560,8 Europa
39%
Kuu 1 821,6 Io
35%
Kuu 2 634,1 Ganymedes
26%
Kääpiöplaneetta 469,7 Ceres
24%
Kuu 2 410,3 Kallisto
23%
Kääpiöplaneetta 1 163 Eris
20%
Kuu 1 353,4 Triton
20%
Kuu 606,0 Kharon
17%
Kääpiöplaneetta 715 Makemake
16%
Kuu 761,4 Oberon
15%
Kuu 788,4 Titania
15%
Kuu 578,9 Ariel
14%
Kääpiöplaneetta 798 (ellipsoidi) Haumea
14%
Kuu 734,4 Japetus
11%
Kuu 763,5 Rhea
11%
Kuu 584,7 Umbriel
11%
Kuu 561,4 Dione
10%
Kuu 531,1 Tethys
10%
Sednoidi ~453 Sedna
9%
Cubewano 548,8 Quaoar
7%
Kääpiöplaneetta? ~615 Gonggong
6%
Plutino ~455 Orcus
6%
Cubewano ~419 Salacia
6%
Ehtoja vastaavia visoja ei löytynyt
Tulosjakauma
Jokaisen tuloksen saaneiden osuus
Persentiili vastausten määrän mukaan
Tuloshistoriasi
Et ole pelannut tätä visaa